000
00277nam a22001217a 4500
008
181121b xxu||||| |||| 00| 0 eng d
041
_a
eng
080
_2
3rd
_a
610.73
100
_a
7
101
_a
KARD
245
_a
Rapid Interpretation of EKG's
_c
Dubin,D
942
_2
udc
_c
BK
999
_c
52295
_d
52295